| 000 | 00708nam a2200229 a 4500 | ||
|---|---|---|---|
| 999 |
_c3197 _d3197 |
||
| 001 | 3197 | ||
| 003 | BD-JhCC | ||
| 005 | 20171112100015.0 | ||
| 008 | 171111s1985 b ||||| |||| 00| 0 b d | ||
| 035 | _a(BD-JhCC) | ||
| 040 |
_aBD-JhCC _dBD-JhCC |
||
| 041 | _aben | ||
| 082 |
_a891.4409 _bALA 1985 |
||
| 100 | _a আলহেলাল, ববীর | ||
| 245 |
_aবাংলা গদ্য / _cববীর আলহেলাল |
||
| 260 |
_aঢাকা : _bবাংলা একাডেমী, _c১৯৮৫ |
||
| 300 |
_a110 p. : _c20cm. |
||
| 490 | _aSeries in honour of the Martyrs of the Language Movement of February 1952. | ||
| 650 | _aBengali porse | ||
| 942 |
_2ddc _cBK |
||